KOHA-Header-6

Business Information Systems (Record no. 6859)

000 -LEADER
fixed length control field 00229nam a2200109Ia 4500
020 ## - INTERNATIONAL STANDARD BOOK NUMBER
ISBN 0-201-62449-4
100 ## - MAIN ENTRY--AUTHOR NAME
Personal name Graham Curtis
245 #0 - TITLE STATEMENT
Title Business Information Systems
260 ## - PUBLICATION, DISTRIBUTION, ETC. (IMPRINT)
Place of publication USA
Name of publisher CRC
Year of publication 1995
300 ## - PHYSICAL DESCRIPTION
Number of Pages 631
942 ## - ADDED ENTRY ELEMENTS (KOHA)
Koha item type Books
Holdings
Withdrawn status Lost status Collection code Permanent Location Current Location Shelving location Date acquired Full call number Accession Number Koha item type
    Business MAJU MAJU   2019-09-11 657.0944 348 Business

Powered by Koha